[Event "UZB-ch (Women)"]
[Site "Tashkent"]
[Date "2024.04.27"]
[Round "15"]
[White "Omonova, Umida"]
[Black "Orazmukhammedova, Makhim"]
[Result "1-0"]
[WhiteElo "2081"]
[BlackElo "1815"]
[PlyCount "43"]
[EventDate "2024.04.20"]
[EventType "tourn (rapid)"]
[EventRounds "17"]
[EventCountry "UZB"]
[SourceTitle "CB18_2024"]
[SourceDate "2024.05.01"]
[SourceVersion "1"]
[SourceVersionDate "2024.05.01"]
[SourceQuality "2"]

1. e4 c5 2. Nf3 e6 3. d4 cxd4 4. Nxd4 Nf6 5. Nc3 d6 6. g4 h6 7. h4 Be7 8. Rg1 Nh7 9. h5 Nc6 10. Be3 Bd7 11. Qd2 a6 12. 0-0-0 Qc7 13. Kb1 0-0-0 14. f4 Nf6 15. Nb3 b5 16. a4 Na7 17. Qf2 Kb8 18. Bb6 Qb7 19. Na5 Qa8 20. e5 Nd5 21. Nxd5 exd5 22. exd6 1-0

[Event "UZB-ch (Women)"]
[Site "Tashkent"]
[Date "2024.04.21"]
[Round "4"]
[White "Khalilova, Madinabonu"]
[Black "Omonova, Umida"]
[Result "0-1"]
[WhiteElo "1968"]
[BlackElo "2081"]
[PlyCount "70"]
[EventDate "2024.04.20"]
[EventType "tourn (rapid)"]
[EventRounds "17"]
[EventCountry "UZB"]
[SourceTitle "CB18_2024"]
[SourceDate "2024.05.01"]
[SourceVersion "1"]
[SourceVersionDate "2024.05.01"]
[SourceQuality "2"]

1. d4 Nf6 2. c4 e6 3. g3 d5 4. Bg2 Be7 5. Nf3 0-0 6. 0-0 dxc4 7. Ne5 c5 8. dxc5 Qc7 9. Nxc4 Qxc5 10. Qb3 Nc6 11. Be3 Qh5 12. f3 b5 13. Ncd2 Na5 14. Qd1 Qe5 15. Ne4 Nxe4 16. fxe4 Rd8 17. Qe1 Nc4 18. Bc1 Bb7 19. Nc3 b4 20. Na4 Bxe4 21. Bf4 Qd4+ 22. e3 Qd5 23. Rd1 Qc6 24. Bxe4 Qxe4 25. b3 Ne5 26. Bxe5 Rxd1 27. Qxd1 Qxe3+ 28. Rf2 Qxe5 29. Rxf7 Kxf7 30. Qf3+ Bf6 31. Qxa8 Qe1+ 32. Kg2 Qe2+ 33. Kh3 h5 34. Qxa7+ Be7 35. Qg1 g5 0-1

[Event "Wch Blitz (Women)"]
[Site "Samarkand"]
[Date "2023.12.30"]
[Round "15"]
[White "Omonova, Umida"]
[Black "Lei, Tingjie"]
[Result "1/2-1/2"]
[WhiteElo "2257"]
[BlackElo "2550"]
[PlyCount "126"]
[EventDate "2023.12.29"]
[EventType "swiss (blitz)"]
[EventRounds "17"]
[EventCountry "UZB"]
[SourceTitle "CB01_2024"]
[SourceDate "2024.01.03"]
[SourceVersion "1"]
[SourceVersionDate "2024.01.03"]
[SourceQuality "1"]

1. e4 e5 2. Nf3 Nc6 3. Bc4 Nf6 4. d3 Bc5 5. 0-0 d6 6. Nbd2 h6 7. c3 Bb6 8. a4 a5 9. Re1 Ne7 10. Nf1 Ng6 11. d4 0-0 12. Ng3 exd4 13. Nxd4 d5 14. exd5 Nxd5 15. Qf3 c6 16. Ngf5 Nh4 17. Nxh4 Qxh4 18. g3 Qd8 19. Nf5 Kh8 20. Bd2 Be6 21. Rad1 Qf6 22. Bd3 Rad8 23. Bc1 Rfe8 24. Nh4 Qxf3 25. Nxf3 Nc7 26. Bc2 Rxd1 27. Rxd1 Bg4 28. Kg2 Re2 29. Rd2 Rxd2 30. Bxd2 Nd5 31. Ne5 Be6 32. f4 f6 33. Nd3 Ne3+ 34. Bxe3 Bxe3 35. Kf3 Bg1 36. h4 Bd5+ 37. Ke2 Kg8 38. b3 Kf8 39. c4 Be6 40. Kf3 h5 41. Nf2 Kf7 42. Ne4 Bg4+ 43. Kg2 Bb6 44. Kf1 Ke7 45. Bd3 Bd1 46. c5 Bc7 47. Nd2 Bg4 48. Be2 Bxe2+ 49. Kxe2 Ke6 50. Kd3 Kd5 51. Ne4 b6 52. cxb6 Bxb6 53. Nd2 Bf2 54. Ne4 Be1 55. Ke3 c5 56. f5 c4 57. bxc4+ Kxc4 58. Kf3 Kb3 59. Nc5+ Kb4 60. Nd3+ Kxa4 61. Nxe1 Kb3 62. Nd3 a4 63. Nc5+ Kb4 1/2-1/2

[Event "Wch Blitz (Women)"]
[Site "Samarkand"]
[Date "2023.12.30"]
[Round "16"]
[White "Omonova, Umida"]
[Black "Nurgaliyeva, Zarina"]
[Result "1-0"]
[WhiteElo "2257"]
[BlackElo "2113"]
[PlyCount "63"]
[EventDate "2023.12.29"]
[EventType "swiss (blitz)"]
[EventRounds "17"]
[EventCountry "UZB"]
[SourceTitle "CB01_2024"]
[SourceDate "2024.01.03"]
[SourceVersion "1"]
[SourceVersionDate "2024.01.03"]
[SourceQuality "1"]

1. e4 e5 2. Nf3 Nc6 3. Bc4 Nf6 4. d3 h6 5. 0-0 Bc5 6. c3 d6 7. Nbd2 a5 8. Re1 0-0 9. Nf1 Be6 10. Bb5 Ne7 11. d4 exd4 12. cxd4 Bb4 13. Bd2 d5 14. e5 Ne4 15. a3 Bxd2 16. N3xd2 Bf5 17. Nxe4 Bxe4 18. Ng3 Bg6 19. Rc1 c6 20. Bd3 Qd7 21. Rc3 Nc8 22. e6 Qd6 23. exf7+ Rxf7 24. Qg4 Bxd3 25. Rxd3 Ne7 26. Rde3 Raf8 27. Re6 Qd7 28. f3 Kh8 29. Rxh6+ gxh6 30. Qxd7 Nf5 31. Qe6 Nxg3 32. hxg3 1-0

[Event "Wch Blitz (Women)"]
[Site "Samarkand"]
[Date "2023.12.29"]
[Round "6"]
[White "Omonova, Umida"]
[Black "Ju, Wenjun"]
[Result "1-0"]
[WhiteElo "2257"]
[BlackElo "2560"]
[PlyCount "99"]
[EventDate "2023.12.29"]
[EventType "swiss (blitz)"]
[EventRounds "17"]
[EventCountry "UZB"]
[SourceTitle "CB01_2024"]
[SourceDate "2024.01.03"]
[SourceVersion "1"]
[SourceVersionDate "2024.01.03"]
[SourceQuality "1"]

1. e4 e5 2. Nf3 Nc6 3. Bc4 Nf6 4. d3 Be7 5. 0-0 0-0 6. Re1 d6 7. a4 Na5 8. Ba2 c5 9. c3 Nc6 10. Na3 Be6 11. Nc4 h6 12. Qc2 Qd7 13. Bd2 Kh8 14. Ne3 Rac8 15. Bc4 Bd8 16. h3 a6 17. Qd1 Ne7 18. Bb3 Ng6 19. a5 Nf4 20. Bc2 Nh7 21. Nh2 Bg5 22. Bc1 g6 23. Nf3 Bd8 24. h4 Bf6 25. g3 Nh5 26. d4 cxd4 27. cxd4 Qc7 28. Bb3 Bxb3 29. Qxb3 exd4 30. Nd5 Qd8 31. Bxh6 Re8 32. Nb6 Rc7 33. Rac1 Rxc1 34. Rxc1 Kg8 35. Rc8 Qe7 36. Rxe8+ Qxe8 37. Qd5 Qb5 38. Qxd6 Bg7 39. Bxg7 Nxg7 40. Nxd4 Qxb2 41. Qd8+ Nf8 42. Nd7 Qb4 43. Nf6+ Kh8 44. Nf3 Nge6 45. Qe8 Kg7 46. Ne5 Kxf6 47. Ng4+ Kg7 48. h5 Qb1+ 49. Kh2 gxh5 50. Ne5 1-0

[Event "Wch Blitz (Women)"]
[Site "Samarkand"]
[Date "2023.12.29"]
[Round "5"]
[White "Omonova, Umida"]
[Black "Pourkashiyan, Atousa"]
[Result "1-0"]
[WhiteElo "2257"]
[BlackElo "2259"]
[PlyCount "92"]
[EventDate "2023.12.29"]
[EventType "swiss (blitz)"]
[EventRounds "17"]
[EventCountry "UZB"]
[SourceTitle "CB01_2024"]
[SourceDate "2024.01.03"]
[SourceVersion "1"]
[SourceVersionDate "2024.01.03"]
[SourceQuality "1"]

1. e4 e5 2. Nf3 Nf6 3. Nxe5 d6 4. Nf3 Nxe4 5. Nc3 Nxc3 6. dxc3 Be7 7. Be3 Nc6 8. Qd2 Be6 9. Bd3 Qd7 10. a3 a6 11. 0-0-0 0-0-0 12. Rhe1 h6 13. h3 Ne5 14. Be2 Nc4 15. Bxc4 Bxc4 16. Qd4 Qc6 17. Qa7 Bf6 18. Bd4 b6 19. Bxf6 gxf6 20. b3 Kd7 21. Nd4 Qxg2 22. Re7+ Kxe7 23. Qxc7+ Kf8 24. Qxd8+ Kg7 25. Nf5+ Kh7 26. Qxf6 Qg6 27. Qxg6+ Kxg6 28. Nxd6 Be6 29. Rg1+ Kf6 30. h4 Ke5 31. Rd1 Rg8 32. Rd4 b5 33. Ne4 Rg4 34. Nc5 Rg2 35. Nd3+ Kf6 36. a4 Bf5 37. Rf4 Kg6 38. axb5 axb5 39. Ne5+ Kf6 40. Nc6 Kg6 41. Ne7+ Kf6 42. Nxf5 Ke5 43. Rf3 Ke4 44. Rg3 Rxf2 45. Nxh6 Kf4 46. Rg5 Ke3 1-0

[Event "Wch Rapid (Women)"]
[Site "Samarkand"]
[Date "2023.12.27"]
[Round "5"]
[White "Bodnaruk, Anastasia"]
[Black "Omonova, Umida"]
[Result "1-0"]
[WhiteElo "2340"]
[BlackElo "2257"]
[PlyCount "63"]
[EventDate "2023.12.26"]
[EventType "swiss (rapid)"]
[EventRounds "11"]
[EventCountry "UZB"]
[SourceTitle "CB01_2024"]
[SourceDate "2024.01.03"]
[SourceVersion "1"]
[SourceVersionDate "2024.01.03"]
[SourceQuality "1"]

1. e4 c5 2. Nf3 e6 3. b3 Nc6 4. Bb2 d5 5. exd5 Qxd5 6. Nc3 Qd8 7. Bb5 Qc7 8. 0-0 a6 9. Bxc6+ Qxc6 10. d4 Nf6 11. Re1 Be7 12. Ne5 Qc7 13. dxc5 Bxc5 14. Ng4 Nxg4 15. Qxg4 f6 16. Qh5+ Kf8 17. Nd5 Qc6 18. Nf4 Kg8 19. Bxf6 gxf6 20. Qh6 Bf8 21. Qxf6 Bg7 22. Qg5 Kf8 23. Rad1 Bd7 24. Rd3 Rg8 25. Qh5 Be8 26. Nxe6+ Qxe6 27. Qc5+ Kf7 28. Rxe6 Kxe6 29. Qd6+ Kf5 30. Rd5+ Ke4 31. Qe6+ Kf4 32. Qe3+ 1-0

[Event "Wch Rapid (Women)"]
[Site "Samarkand"]
[Date "2023.12.26"]
[Round "4"]
[White "Omonova, Umida"]
[Black "Zaksaite, Salomeja"]
[Result "1-0"]
[WhiteElo "2257"]
[BlackElo "2212"]
[PlyCount "65"]
[EventDate "2023.12.26"]
[EventType "swiss (rapid)"]
[EventRounds "11"]
[EventCountry "UZB"]
[SourceTitle "CB01_2024"]
[SourceDate "2024.01.03"]
[SourceVersion "1"]
[SourceVersionDate "2024.01.03"]
[SourceQuality "1"]

1. e4 c5 2. Nf3 e6 3. d4 cxd4 4. Nxd4 Nf6 5. Nc3 Nc6 6. Ndb5 d6 7. Bf4 e5 8. Bg5 a6 9. Na3 b5 10. Nd5 Be7 11. Bxf6 Bxf6 12. c4 b4 13. Nc2 0-0 14. g3 a5 15. Bg2 Be7 16. 0-0 Be6 17. Qd3 Bxd5 18. Qxd5 Qb6 19. b3 Qc5 20. Qd3 a4 21. Kh1 g6 22. f4 axb3 23. axb3 exf4 24. gxf4 Bf6 25. Rxa8 Rxa8 26. e5 dxe5 27. Qd7 Ra2 28. Bxc6 Rxc2 29. Bd5 Qe7 30. Qxe7 Bxe7 31. fxe5 Re2 32. Rxf7 Bf8 33. Rf2+ 1-0

[Event "Asian Games tt (Women)"]
[Site "Hangzhou"]
[Date "2023.10.04"]
[Round "6.6"]
[White "Omonova, Umida"]
[Black "Vaishali, Ramesh Babu"]
[Result "0-1"]
[WhiteElo "2147"]
[BlackElo "2448"]
[PlyCount "70"]
[EventDate "2023.09.29"]
[EventType "team-tourn"]
[EventRounds "9"]
[EventCountry "CHN"]
[SourceTitle "EXT 2024"]
[Source "ChessBase"]
[SourceDate "2023.10.10"]
[SourceVersion "1"]
[SourceVersionDate "2023.10.10"]
[SourceQuality "1"]
[WhiteTeam "Uzbekistan (W)"]
[BlackTeam "India (W)"]
[WhiteTeamCountry "UZB"]
[BlackTeamCountry "IND"]

1. e4 c5 2. Nf3 Nc6 3. d4 cxd4 4. Nxd4 Nf6 5. Nc3 d6 6. Bg5 e6 7. Qd2 a6 8. Be2 Be7 9. 0-0 h6 10. Bh4 0-0 11. Bg3 e5 12. Nb3 Be6 13. Rad1 b5 14. a3 b4 15. axb4 Nxb4 16. Ra1 Qb6 17. Nc1 Rfc8 18. Bd1 Rc4 19. Re1 Rac8 20. Nb3 R4c7 21. Kh1 Nd7 22. f3 Bg5 23. Qf2 h5 24. h4 Bh6 25. Ra3 g6 26. Na5 Qxf2 27. Bxf2 Bc1 28. Na4 Nxc2 29. Bxc2 Rxc2 30. Be3 Bxb2 31. Rd3 Bd4 32. Bxd4 exd4 33. Rxd4 Ra2 34. Nb7 Rcc2 35. Rg1 Ne5 0-1

[Event "Asian Games (Women)"]
[Site "Hangzhou"]
[Date "2023.09.26"]
[Round "7"]
[White "Omonova, Umida"]
[Black "Zhu, Jiner"]
[Result "1/2-1/2"]
[WhiteElo "2147"]
[BlackElo "2493"]
[PlyCount "96"]
[EventDate "2023.09.24"]
[EventType "swiss (rapid)"]
[EventRounds "9"]
[EventCountry "CHN"]
[SourceTitle "EXT 2024"]
[Source "ChessBase"]
[SourceDate "2023.10.10"]
[SourceVersion "1"]
[SourceVersionDate "2023.10.10"]
[SourceQuality "1"]

1. e4 c5 2. Nf3 Nc6 3. d4 cxd4 4. Nxd4 Nf6 5. Nc3 e5 6. Ndb5 d6 7. Bg5 a6 8. Na3 b5 9. Nd5 Be7 10. Bxf6 Bxf6 11. c4 b4 12. Nc2 a5 13. g3 0-0 14. Bg2 g6 15. Nxf6+ Qxf6 16. 0-0 h5 17. h4 Qd8 18. Qd2 Be6 19. b3 Qb6 20. Kh2 a4 21. f4 exf4 22. gxf4 Qc5 23. f5 Qe5+ 24. Kg1 Bd7 25. Qh6 Qg7 26. Qxg7+ Kxg7 27. Rad1 axb3 28. axb3 Ra2 29. Rf2 Rb2 30. Rxd6 Ne5 31. Nxb4 Rxb3 32. Nc2 Rb1+ 33. Rf1 Rxf1+ 34. Kxf1 gxf5 35. Bh3 Be6 36. exf5 Bxc4+ 37. Kf2 Ra8 38. f6+ Kg6 39. Ne3 Be6 40. Bxe6 fxe6 41. Rxe6 Ng4+ 42. Nxg4 hxg4 43. Kg3 Rf8 44. Kxg4 Rxf6 45. h5+ Kf7 46. Rxf6+ Kxf6 47. h6 Kg6 48. h7 Kxh7 1/2-1/2

[Event "Wch U18 Girls blitz"]
[Site "Batumi"]
[Date "2023.06.10"]
[Round "5"]
[White "Omonova, Umida"]
[Black "Shohradova, Lala"]
[Result "1/2-1/2"]
[WhiteElo "2319"]
[BlackElo "1924"]
[PlyCount "25"]
[EventDate "2023.06.10"]
[EventType "swiss (blitz)"]
[EventRounds "11"]
[EventCountry "GEO"]
[SourceTitle "EXT 2024"]
[Source "ChessBase"]
[SourceDate "2023.10.10"]
[SourceVersion "1"]
[SourceVersionDate "2023.10.10"]
[SourceQuality "1"]
[WhiteTeam "Uzbekistan"]
[BlackTeam "Turkmenistan"]
[WhiteTeamCountry "UZB"]
[BlackTeamCountry "TKM"]

1. b3 Nf6 2. Bb2 d5 3. g3 g6 4. Bg2 Bg7 5. e3 0-0 6. Nf3 c5 7. 0-0 Nc6 8. d3 Re8 9. Nbd2 e5 10. e4 d4 11. h3 Bd7 12. Nc4 Qc7 13. a4 1/2-1/2

[Event "UZB-ch (Women)"]
[Site "Tashkent"]
[Date "2023.03.07"]
[Round "3"]
[White "Mammadova, Gulnar Marfat Qizi"]
[Black "Omonova, Umida"]
[Result "1/2-1/2"]
[WhiteElo "2358"]
[BlackElo "2185"]
[PlyCount "75"]
[EventDate "2023.03.06"]
[EventType "swiss"]
[EventRounds "9"]
[EventCountry "UZB"]
[SourceTitle "CBM 213 Extra"]
[Source "ChessBase"]
[SourceDate "2023.05.31"]
[SourceVersion "1"]
[SourceVersionDate "2023.05.31"]
[SourceQuality "1"]

1. c4 e5 2. Nc3 d6 3. Nf3 Nc6 4. d4 exd4 5. Nxd4 g6 6. g3 Bg7 7. Nxc6 bxc6 8. Bg2 Ne7 9. Bg5 Bd7 10. Ne4 Bf5 11. 0-0 Bxe4 12. Bxe4 f6 13. Be3 Qd7 14. Qc2 0-0 15. Rad1 a5 16. Bd4 a4 17. b4 axb3 18. axb3 f5 19. Bxg7 Kxg7 20. Bg2 Qe6 21. b4 Ra6 22. b5 Rb6 23. bxc6 Qe5 24. c5 dxc5 25. Rd7 Rf7 26. Rc1 Nxc6 27. Rxf7+ Kxf7 28. Qxc5 Qxc5 29. Rxc5 Rb1+ 30. Bf1 Rb6 31. e3 Ke6 32. Bc4+ Kd6 33. Rd5+ Ke7 34. Kg2 Rb4 35. Rc5 Kd6 36. Rd5+ Ke7 37. Rc5 Kd6 38. Rd5+ 1/2-1/2

[Event "Wch Blitz (Women)"]
[Site "Almaty"]
[Date "2022.12.30"]
[Round "13"]
[White "Kosteniuk, Alexandra"]
[Black "Omonova, Umida"]
[Result "1-0"]
[WhiteElo "2469"]
[BlackElo "1978"]
[PlyCount "61"]
[EventDate "2022.12.29"]
[EventType "swiss (blitz)"]
[EventRounds "17"]
[EventCountry "KAZ"]
[SourceTitle "CBM 211 Extra"]
[Source "ChessBase"]
[SourceDate "2023.01.31"]
[SourceVersion "1"]
[SourceVersionDate "2023.01.31"]
[SourceQuality "1"]

1. e4 c5 2. c3 d5 3. exd5 Qxd5 4. d4 cxd4 5. cxd4 Nc6 6. Nf3 e6 7. Nc3 Qd8 8. Bd3 Nf6 9. 0-0 Be7 10. Bg5 0-0 11. Rc1 Nb4 12. Bb1 Nbd5 13. Ne5 Bd7 14. Qd3 g6 15. Qh3 Rc8 16. Rfe1 Nxc3 17. bxc3 Bc6 18. Bh6 Re8 19. Nxf7 Qd5 20. Ng5 Bd7 21. Re5 Qxd4 22. Ree1 Qd6 23. Rcd1 Qc6 24. Nxh7 Kxh7 25. Bg5+ Kg8 26. Bxg6 Qxc3 27. Re3 Qd4 28. Red3 Qe5 29. Bxf6 Qxf6 30. Qh7+ Kf8 31. Rf3 1-0

[Event "Wch Blitz (Women)"]
[Site "Almaty"]
[Date "2022.12.30"]
[Round "14"]
[White "Omonova, Umida"]
[Black "Mammadzada, Gunay Vuqar Qizi"]
[Result "1-0"]
[WhiteElo "1978"]
[BlackElo "2383"]
[PlyCount "125"]
[EventDate "2022.12.29"]
[EventType "swiss (blitz)"]
[EventRounds "17"]
[EventCountry "KAZ"]
[SourceTitle "CBM 211 Extra"]
[Source "ChessBase"]
[SourceDate "2023.01.31"]
[SourceVersion "1"]
[SourceVersionDate "2023.01.31"]
[SourceQuality "1"]

1. e4 c5 2. Nf3 d6 3. Bb5+ Bd7 4. Bxd7+ Nxd7 5. 0-0 Ngf6 6. Re1 e6 7. c3 Be7 8. d4 0-0 9. e5 Ne8 10. exd6 Nxd6 11. Bf4 Qb6 12. Bxd6 Qxd6 13. Nbd2 cxd4 14. Nxd4 Nf6 15. Qb3 Qc7 16. N2f3 Bc5 17. Rad1 Rfe8 18. h3 a6 19. a4 h6 20. Qc4 Rac8 21. Qe2 Rcd8 22. Rd2 Ba7 23. Red1 e5 24. Nf5 e4 25. N3d4 Bb8 26. g3 g6 27. Nxh6+ Kg7 28. Ng4 Nh5 29. Qe3 Rd5 30. Ne2 Rf5 31. Rd5 Rf3 32. Qh6+ Kg8 33. Rxh5 gxh5 34. Nf6+ Rxf6 35. Qxf6 Qe5 36. Qxe5 Bxe5 37. Rd7 b5 38. axb5 axb5 39. Rb7 Rd8 40. Rxb5 f6 41. Rb4 f5 42. Rb5 Re8 43. Kg2 Kf7 44. Nc1 Kf6 45. Nb3 Rd8 46. Nc5 Rd2 47. Rb6+ Kf7 48. Rb7+ Kg6 49. Rb6+ Kf7 50. Kf1 Rd1+ 51. Ke2 Rh1 52. h4 Rb1 53. Rb5 Ke7 54. Na4 Kf6 55. Nb6 Ke6 56. Nc4 Bf6 57. Rb6+ Ke7 58. Ne3 f4 59. gxf4 Kf7 60. Rb7+ Ke6 61. f5+ Kd6 62. Rb6+ Ke5 63. Re6+ 1-0

[Event "Wch Blitz (Women)"]
[Site "Almaty"]
[Date "2022.12.30"]
[Round "12"]
[White "Omonova, Umida"]
[Black "Stefanova, Antoaneta"]
[Result "1/2-1/2"]
[WhiteElo "1978"]
[BlackElo "2427"]
[PlyCount "135"]
[EventDate "2022.12.29"]
[EventType "swiss (blitz)"]
[EventRounds "17"]
[EventCountry "KAZ"]
[SourceTitle "CBM 211 Extra"]
[Source "ChessBase"]
[SourceDate "2023.01.31"]
[SourceVersion "1"]
[SourceVersionDate "2023.01.31"]
[SourceQuality "1"]

1. e4 e5 2. Nf3 Nc6 3. Bc4 Nf6 4. d3 Bc5 5. 0-0 a6 6. a4 h6 7. c3 d6 8. Nbd2 0-0 9. h3 Ba7 10. Re1 Ne7 11. Nf1 Ng6 12. Ng3 c6 13. Ba2 Be6 14. d4 Bxa2 15. Rxa2 Re8 16. Ra1 d5 17. exd5 Qxd5 18. dxe5 Qxd1 19. Rxd1 Nxe5 20. Nxe5 Rxe5 21. Bf4 Re6 22. c4 Bc5 23. b3 g5 24. Bd2 Bd4 25. Rac1 c5 26. Bc3 Bxc3 27. Rxc3 Rae8 28. Rcd3 Kh7 29. Nf5 Kg6 30. Ne3 h5 31. g3 Rb8 32. Nd5 b5 33. Nxf6 Rxf6 34. axb5 axb5 35. Rd5 bxc4 36. bxc4 Rb2 37. Rf1 Rc6 38. Re1 Rc2 39. Re4 Rf6 40. f4 gxf4 41. gxf4 Rf5 42. Rxf5 Kxf5 43. Re5+ Kxf4 44. Rxc5 h4 45. Rh5 Kg3 46. Rg5+ Kxh3 47. c5 Rc1+ 48. Kf2 Kh2 49. Rf5 h3 50. Rxf7 Rxc5 51. Rf8 Rc2+ 52. Kf1 Rc1+ 53. Kf2 Rg1 54. Rh8 Rg6 55. Rf8 Kh1 56. Rf3 h2 57. Rf8 Rg2+ 58. Kf1 Rg6 59. Rf7 Rb6 60. Rf8 Rb1+ 61. Kf2 Rb2+ 62. Kf1 Rb7 63. Rf6 Rg7 64. Rf8 Rg1+ 65. Kf2 Rg2+ 66. Kf1 Rb2 67. Rf7 Ra2 68. Rf8 1/2-1/2

[Event "Wch Blitz (Women)"]
[Site "Almaty"]
[Date "2022.12.30"]
[Round "15"]
[White "Sachdev, Tania"]
[Black "Omonova, Umida"]
[Result "1/2-1/2"]
[WhiteElo "2309"]
[BlackElo "1978"]
[PlyCount "140"]
[EventDate "2022.12.29"]
[EventType "swiss (blitz)"]
[EventRounds "17"]
[EventCountry "KAZ"]
[SourceTitle "CBM 211 Extra"]
[Source "ChessBase"]
[SourceDate "2023.01.31"]
[SourceVersion "1"]
[SourceVersionDate "2023.01.31"]
[SourceQuality "1"]

1. d4 Nf6 2. c4 e5 3. dxe5 Ng4 4. Nf3 Nc6 5. Bf4 Bb4+ 6. Nc3 Qe7 7. e3 Ngxe5 8. Nxe5 Bxc3+ 9. bxc3 Nxe5 10. Be2 0-0 11. 0-0 d6 12. Qd4 Ng6 13. Bg3 b6 14. Bf3 Rb8 15. h4 Ne5 16. Be2 Bb7 17. h5 h6 18. Bf4 Rbe8 19. Rfd1 Qf6 20. a4 a5 21. Bg3 Nd7 22. Qxf6 Nxf6 23. Rab1 Bc6 24. c5 bxc5 25. Bb5 Bxb5 26. Rxb5 Ra8 27. Rb7 Rfc8 28. Rdb1 Ne4 29. c4 Nc3 30. Ra1 Kf8 31. f3 Ne2+ 32. Kf2 Nxg3 33. Kxg3 Ke7 34. Rab1 Kd7 35. e4 Kc6 36. Kf4 Rg8 37. g4 Rge8 38. R1b2 g6 39. hxg6 fxg6 40. R7b5 Rf8+ 41. Kg3 Rf7 42. Rh2 Rh7 43. Kf4 Rf8+ 44. Ke3 Rhf7 45. Rf2 Ra8 46. Rh2 Rh7 47. Kf4 g5+ 48. Ke3 Kd7 49. Rh3 Ke6 50. Rh2 Kd7 51. Rh3 Kc6 52. Rh2 Kd7 53. Rh3 Ke6 54. Rh2 Ke5 55. Rb7 Rf8 56. Rb5 Rhf7 57. Rh3 Ra8 58. Rxh6 Raf8 59. Rh3 Ra8 60. Rh5 Kf6 61. Rb7 Kg6 62. Rh3 Kf6 63. Rh6+ Kg7 64. Rh5 Kg6 65. Rh3 Kf6 66. Rh6+ Kg7 67. Rh5 Kg6 68. Rh3 Kf6 69. Rh6+ Ke5 70. Rf6 Kxf6 1/2-1/2